Rubén Darío en la música

Պահպանված է:
Մատենագիտական մանրամասներ
Հիմնական հեղինակ: Sopeña Ibañéz, Federico
Ձևաչափ: Անհայտ
Հրապարակվել է: Madrid, España: Centro Iberoamericano de Cooperación,
Խորագրեր:
Ցուցիչներ: Ավելացրեք ցուցիչ
Չկան պիտակներ, Եղեք առաջինը, ով նշում է այս գրառումը!

MARC

LEADER 000000000a22000000004500
001 001297
022 |a 0011-250X 
041 0 |a español 
092 0 |a Cuadernos Hispanoamericanos 
100 1 |a Sopeña Ibañéz, Federico 
245 1 0 |a Rubén Darío en la música 
260 |a Madrid, España:   |b Centro Iberoamericano de Cooperación, 
650 4 |a DARIO, RUBEN, SEUDONIMO, 1867-1916 
773 0 |t Cuadernos Hispanoamericanos :   |b revista de cultura hispánica 
773 0 |g número 212-213 (agosto-septiembre de 1967) 
773 0 |g 1948- 
773 0 |g 519-522 páginas 
999 |c 1813  |d 1813